Physics for everyone: (Record no. 181520)
[ view plain ]
| 000 -LEADER | |
|---|---|
| fixed length control field | 00809 a2200169 4500 |
| 003 - CONTROL NUMBER IDENTIFIER | |
| control field | NUST |
| 005 - DATE AND TIME OF LATEST TRANSACTION | |
| control field | 20221124130638.0 |
| 040 ## - CATALOGING SOURCE | |
| Transcribing agency | Nust |
| 082 ## - DEWEY DECIMAL CLASSIFICATION NUMBER | |
| Classification number | 530,CAR |
| 100 ## - MAIN ENTRY--PERSONAL NAME | |
| Personal name | Carter, Ernest Frank |
| 9 (RLIN) | 39741 |
| 245 ## - TITLE STATEMENT | |
| Title | Physics for everyone: |
| Remainder of title | 1001 physics questions and answers / |
| Statement of responsibility, etc. | Ernest Frank Carter |
| 260 ## - PUBLICATION, DISTRIBUTION, ETC. | |
| Place of publication, distribution, etc. | London, Burke |
| Date of publication, distribution, etc. | [1950] |
| 300 ## - PHYSICAL DESCRIPTION | |
| Extent | 223 p.: |
| 505 ## - FORMATTED CONTENTS NOTE | |
| Formatted contents note | Matter (Page-9), Motion (Page-27) Light (Page-43), Heat (Page-59), Sound (Page-79), Pneumatic( Page-91), Hydraulics (Page-101), Electricity (Page-120), Magnetism (Page-130), Electricity ,Voltaic or Current (Page-143), Electricity, Voltaic or Current (Continued) (Page-162), Radio and Television (Page-176), Nuclear Physics (Page-196), Miscellaneous Questions (Page-201). |
| 650 ## - SUBJECT ADDED ENTRY--TOPICAL TERM | |
| Topical term or geographic name entry element | Physics for everyone; |
| 9 (RLIN) | 103497 |
| 942 ## - ADDED ENTRY ELEMENTS (KOHA) | |
| Source of classification or shelving scheme | |
| Koha item type | Book |
| Withdrawn status | Lost status | Source of classification or shelving scheme | Damaged status | Not for loan | Permanent Location | Current Location | Shelving location | Date acquired | Full call number | Barcode | Date last seen | Price effective from | Koha item type | Public note |
|---|---|---|---|---|---|---|---|---|---|---|---|---|---|---|
| Military College of Signals (MCS) | Military College of Signals (MCS) | General Stacks | 12/12/2016 | 530,CAR | MCS6023 | 12/08/2016 | 12/12/2016 | Book | Almirah No.15, Shelf No.2 |
